Flughafencodes Asien #2 - Statistiken

Allgemein
  • Dieses Quiz wurde 38 mal gespielt
  • Das Durchschnittsergebnis liegt bei 11 aus 16
Antwortstatistiken
Hint Antwort % Korrekt
Amman AMM
94%
Fukuoka FUK
94%
Malé MLE
94%
Taipeh TPE
94%
Dubai DXB
91%
Vientiane VTE
91%
Maskat MCT
88%
Bagdad BGW
85%
Bengaluru BLR
85%
Dschidda JED
58%
Ho-Chi-Minh-Stadt SGN
48%
Jerewan EVN
45%
Izmir ADB
42%
Shanghai PVG
36%
Guangzhou CAN
30%
Astana NQZ
27%
Keine übereinstimmenden Quizze gefunden
Verteilung der Resultate
Anzahl Personen mit jedem Resultat
Perzentil nach korrekt beantworteten Fragen
Ihre Resultats-Entwicklung
Sie haben dieses Quiz noch nicht gespielt